000 00325nam a2200145Ia 4500
003 OSt
005 20240305105905.0
008 170524s9999 xx 000 0 und d
020 _a978-8184880670
040 _cIIMT UNIVERSITY
100 _aSingh P
245 0 _aInvestment Management
260 _aHimalaya
942 _2ddc
_c02
999 _c3150
_d3150